Zur Entstehungsgeschichte der Briefsammlung Augustins

Saved in:  
Bibliographic Details
Main Author: Lietzmann, Hans 1875-1942 (Author)
Format: Print Article
Language:Undetermined language
Check availability: HBZ Gateway
Interlibrary Loan:Interlibrary Loan for the Fachinformationsdienste (Specialized Information Services in Germany)
Published: 1958
In: Kleine Schriften ; 1: Studien zur spätantiken Religionsgeschichte
Year: 1958, Pages: 260-304
Further subjects:B Augustinus, Aurelius Saint (354-430) Epistulae

MARC

LEADER 00000caa a22000002c 4500
001 1827366648
003 DE-627
005 20221219101715.0
007 tu
008 221215s1958 xx ||||| 00| ||und c
035 |a (DE-627)1827366648 
035 |a (DE-599)KXP1827366648 
040 |a DE-627  |b ger  |c DE-627  |e rakwb 
084 |a 1  |2 ssgn 
100 1 |e VerfasserIn  |0 (DE-588)118572865  |0 (DE-627)13647277X  |0 (DE-576)209014199  |4 aut  |a Lietzmann, Hans  |d 1875-1942 
109 |a Lietzmann, Hans 1875-1942  |a Lietzmann, H. 1875-1942  |a Lietzmann, Johannes 1875-1942  |a Lietzmann, Iohannes 1875-1942  |a Lietzmann, D. Hans 1875-1942 
245 1 0 |a Zur Entstehungsgeschichte der Briefsammlung Augustins 
264 1 |c 1958 
336 |a Text  |b txt  |2 rdacontent 
337 |a ohne Hilfsmittel zu benutzen  |b n  |2 rdamedia 
338 |a Band  |b nc  |2 rdacarrier 
500 |a Erstveröffentlichung in: Sitzungsber. der Preuß. Akad. der Wiss., Phil./hist. Kl. 23 (1930), 356-388 
600 1 7 |0 (DE-588)4333072-1  |0 (DE-627)148055621  |0 (DE-576)211337455  |a Augustinus, Aurelius  |c Heiliger  |d 354-430  |t Epistulae  |2 gnd 
601 |a Briefsammlung 
773 0 8 |i Enthalten in  |a Lietzmann, Hans, 1875 - 1942  |t Kleine Schriften ; 1: Studien zur spätantiken Religionsgeschichte  |d Berlin : Akademie-Verl., 1958  |d Berlin  |g (1958), Seite 260-304  |h X, 486 S. [15] Bl  |w (DE-627)1074822803  |w (DE-576)004822803  |7 nnam 
773 1 8 |g year:1958  |g pages:260-304 
935 |a AUGU  |a mteo 
951 |a AR 
ELC |b 1 
ITA |a 1  |t 1 
LOK |0 000 xxxxxcx a22 zn 4500 
LOK |0 001 4232455795 
LOK |0 003 DE-627 
LOK |0 004 1827366648 
LOK |0 005 20221223072619 
LOK |0 008 221215||||||||||||||||ger||||||| 
LOK |0 035   |a (DE-Tue135-4)zaf-16343 
LOK |0 040   |a DE-Tue135-4  |c DE-627  |d DE-Tue135-4 
LOK |0 092   |o n 
LOK |0 689   |a t  |0 1826899804  |t Epistulae = ep.  |x 00 
LOK |0 852   |a DE-Tue135-4 
LOK |0 852 1  |9 00 
LOK |0 935   |a wumi 
LOK |0 939   |a 15-12-22  |b l01 
LOK |0 000 xxxxxcx a22 zn 4500 
LOK |0 001 483068772X 
LOK |0 003 DE-627 
LOK |0 004 1827366648 
LOK |0 005 20251218170333 
LOK |0 008 251218||||||||||||||||ger||||||| 
LOK |0 035   |a (DE-4020)wubadaa45270 
LOK |0 040   |a DE-4020  |c DE-627  |d DE-4020 
LOK |0 092   |o n 
LOK |0 852   |a DE-4020 
LOK |0 852 1  |c B 3540  |m p  |9 00 
LOK |0 935   |a bami 
LOK |0 938   |k p 
LOK |0 939   |a 18-12-25  |b l01 
ORI |a SA-MARC-ixtheoa001.raw 
SYA 0 0 |a Augustinus, Aurelius,Heiliger,354-430,Briefe,Augustinus, Aurelius,Heiliger,354-430,Epistularum corpus,Augustinus, Aurelius,Heiliger,354-430,Epistolae,Augustinus, Aurelius,Heiliger,354-430,Briefwechsel,Augustinus, Aurelius,Heiliger,354-430,Le lettere,Augustinus, Aurelius,Heiliger,354-430,Ep.